Forgotten Continent <A> History of the New Latin America
Gespeichert in:
| 1. Verfasser: | |
|---|---|
| Format: | Buch |
| Sprache: | Englisch |
| Veröffentlicht: |
New Haven
Yale University Press
2017
|
| Schlagworte: | |
| Tags: |
Keine Tags, Fügen Sie das erste Tag hinzu!
|
MARC
| LEADER | 00000nam a2200000 4500 | ||
|---|---|---|---|
| 001 | 0257285 | ||
| 005 | 20240221112743.9 | ||
| 020 | |a 978-0-300-22465-8 | ||
| 041 | 0 | |a eng | |
| 044 | |a US | ||
| 245 | 1 | 0 | |a Forgotten Continent |b <A> History of the New Latin America |c Michael Reid |
| 264 | 1 | |a New Haven |b Yale University Press |c 2017 | |
| 300 | |a 425 s. | ||
| 610 | 2 | 0 | |a história |
| 610 | 2 | 0 | |a dejiny |
| 610 | 2 | 0 | |a politika |
| 610 | 2 | 0 | |a demokracia |
| 610 | 2 | 0 | |a vojny |
| 610 | 2 | 0 | |a revolúcia |
| 610 | 2 | 0 | |a reformy |
| 610 | 2 | 0 | |a diktatúra |
| 610 | 2 | 0 | |a komodity |
| 610 | 2 | 0 | |a spoločnosť |
| 610 | 2 | 0 | |a Venezuela |
| 610 | 2 | 0 | |a Latinská Amerika |
| 100 | 1 | |a Reid, Michael | |